| 000 | 00375cam a22001097a 4500 | ||
|---|---|---|---|
| 008 | 180718b1984 xxu||||| |||| 00| 0 eng d | ||
| 082 | _aT19065x5433 E/1977 | ||
| 245 |
_aReport on economic census, Punjab, 1977 _cby Economic Adviser to Government, Punjab |
||
| 260 |
_aChandigarh _bGovernment of Punjab _c1984 |
||
| 300 | _a144+p | ||
| 700 | _aPunjab. Economic Adviser to Government | ||
| 999 |
_c497422 _d497422 |
||